Every Member of the Life Series. - Statistics

General Stats
  • This quiz has been taken 1,618 times
  • The average score is 17 of 18
Answer Stats
Hint Answer % Correct
3rd Life Grian
99%
3rd Life GoodTimeWithScar
96%
3rd Life Smallishbeans
96%
3rd Life Solidarity Gaming
96%
3rd Life Dangthatsalongname
95%
3rd Life InTheLittleWood
95%
3rd Life ZombieCleo
95%
Last Life LDShadowlady
94%
3rd Life Bigbst4tz2
93%
Secret Life Geminitay
93%
Last Life Mumbo Jumbo
92%
3rd Life Rendog
92%
3rd Life Ethoslab
90%
Last Life Pearlescentmoon
90%
3rd Life Tango Tek
90%
3rd Life MCSkizzleman
88%
3rd Life ImpulseSV
87%
3rd Life BdoubleO100
82%
No matching quizzes found
Score Distribution
Percent of People with Each Score
Percentile by Number Answered
Your Score History
You have not taken this quiz